LEADER 01350nam a22003131i 4500 001 991001743369707536 005 20040329172826.0 008 040407s1976 it |||||||||||||||||ita 035 $ab12816863-39ule_inst 035 $aARCHE-079649$9ExL 040 $aDip.to Scienze Storiche$bita$cA.t.i. Arché s.c.r.l. Pandora Sicilia s.r.l. 082 04$a945.51 100 1 $aWeinstein, Donald$0192753 245 10$aSavonarola e Firenze :$bprofezia e patriottismo nel Rinascimento /$cDonald Weinstein 260 $aBologna :$bIl mulino,$c[1976] 300 $aXXII, 420 p. ;$c22 cm 440 0$aNuova collana storica 500 $aTrad. di Maria Luisa Buonaguidi Paradisi 600 14$aSavonarola, Girolamo 700 1 $aBuonaguidi Paradisi, Maria Lida 765 0 $tSavonarola and Florence 907 $a.b12816863$b27-04-15$c16-04-04 912 $a991001743369707536 945 $aLE009 STOR.51-123$g1$i2009000211445$lle009$o-$pE0.00$q-$rl$s- $t0$u1$v0$w1$x0$y.i13366312$z16-04-04 945 $aLE009 STOR.51-123 bis$g2$i2009000211452$lle009$o-$pE0.00$q-$rl$s- $t0$u0$v0$w0$x0$y.i13366324$z16-04-04 945 $aLE008 FL.M. VII G 22$g1$i2008000123789$lle008$o-$pE0.00$q-$rl$s- $t0$u0$v0$w0$x0$y.i15668861$z27-04-15 996 $aSavonarola e Firenze$9299312 997 $aUNISALENTO 998 $ale009$ale008$b16-04-04$cm$da $e-$fita$git $h0$i2 LEADER 01232nam 2200361 450 001 9910305157103321 005 20230817191307.0 010 $a1-5386-5941-7 035 $a(CKB)4100000007451912 035 $a(WaSeSS)IndRDA00121792 035 $a(EXLCZ)994100000007451912 100 $a20200414d2019 uy 0 101 0 $aeng 135 $aur||||||||||| 181 $ctxt$2rdacontent 182 $cc$2rdamedia 183 $acr$2rdacarrier 200 10$a2018 Dynamics of Systems, Mechanisms and Machines $e13-15 November 2018, Omsk, Russia /$fInstitute of Electrical and Electronics Engineers 210 1$aPiscataway, New Jersey :$cInstitute of Electrical and Electronics Engineers,$d2019. 215 $a1 online resource (494 pages) 311 $a1-5386-5942-5 606 $aMachinery, Dynamics of$vCongresses 606 $aMechanical engineering$vCongresses 615 0$aMachinery, Dynamics of 615 0$aMechanical engineering 676 $a621.811 712 02$aInstitute of Electrical and Electronics Engineers, 801 0$bWaSeSS 801 1$bWaSeSS 906 $aPROCEEDING 912 $a9910305157103321 996 $a2018 Dynamics of Systems, Mechanisms and Machines$92506495 997 $aUNINA